000 00659nam a22002057a 4500
003 OSt
005 20230127093816.0
008 221006b |||||||| |||| 00| 0 eng d
040 _cBiblioteca Lado V
082 _a708
_bV945b
100 _9670
_aVon Hafe Perez, Miguel
_etexto
245 _aBaltazar Torres/
_bCan you live twice/
260 _bGráfica Maiadouro
_c2000
300 _a62p.
_c28x24cm
650 _2Tesauro de Arte & Arquitectura
_aARTE
650 _2Tesauro de Arte & Arquitectura
_aBRINCOLAJE
651 _2Tesauro de Arte & Arquitectura
_aBRASIL
700 _aCarlos, Isabel
_etextos
942 _2ddc
_c1
_h708
_iV945b
_n0
999 _c2952
_d2952